Las ficciones del derecho En el discurso de los juristas y en el sistema del ordenamiento /

Bibliographic Details
Main Author: Luna Serrano, Agustin
Format: eBook
Language:Spanish
Published: Madrid: Dykinson, 2019
Subjects:
Online Access:Acceso restringido

MARC

LEADER 00000nam a22000007a 4500
005 20190416220657.0
007 cr|||| ||||
008 190416s2019 es |||||s|||| 00||0 spa d
020 |a 978-84-1324-134-0 
035 |a 23302 
040 |a vLex 
090 |c 8641  |d 8641 
100 1 |a Luna Serrano, Agustin 
245 1 3 |a Las ficciones del derecho  |h [Recurso electrn̤ico] :  |b En el discurso de los juristas y en el sistema del ordenamiento /  |c Agustin Luna Serrano 
256 |a Servicio en ln̕ea 
260 |a Madrid:  |b Dykinson,  |c 2019 
300 |a 1 recurso electrn̤ico 
500 |a De manera semejante a como los humanos, adems̀ de hablar ordinariamente de cosas que han sucedido, se refieren tambiň, a veces, a cosas que piensan que acaecerǹ, a cosas que parece que acaecen, a cosas que probablemente acaecen, a cosas que no acaecen pero de las que hablan como sucedidas, a cosas que no acaecen y que acaso no pueden acaecer pero que dicen que suceden o han sucedido y a cosas, en fin, que acaso no acaecen pero que interesa decir que son acaecidas, tambiň el derecho, construido por las personas para organizar su vida, acoge la presuposicin̤, tiene en cuenta la apariencia, se sirve de la presuncin̤, sabe de la simulacin̤ y de la negociacin̤ fiduciaria, tiene en cuenta la ficcin̤ y se ampara mediante la cosa juzgada. Todas ellas, aunque con diferente firmeza, se constituyen como verdades oficiales del derecho, que el ordenamiento propone, aunque sean verdades vicarias, para facilitar el desenvolvimiento de las conductas de los ciudadanos en orden a proporcionarles, en lo posible, seguridad jurd̕ica y certeza de la juridicidad. En este ensayo se examina con cierta amplitud la presencia de las ficciones en el derecho, figura que el ordenamiento consiente (ficcin̤ negocial), a la que acoge (ficcin̤ jurisprudencial) y a la que con mucha frecuencia directamente recurre en aras del logro de la efectividad de sus finalidades normativas, estudiǹdose en particular este l︢timo tipo de ficciones que es la fictio iuris. 
506 1 |a Disponible solo en los productos indicados  |d vLex Global  |d vLex Global (Academic Edition, excluding Law Schools)  |d vLex Global (U.S. Academic Edition, Law Schools)  |d vLex Global (U.S. Academic Edition, excluding Law Schools)  |d vLex Global (Academic Edition, Law Schools) 
650 0 4 |a Derecho Civil  |z Espaą 
740 0 |a vLex Libros (Servicio en ln̕ea) 
856 4 0 |u http://vlex.com/source/ficciones-del-derecho-en-el-discurso-de-los-juristas-y-en-el-sistema-del-ordenamiento-23302  |z Acceso restringido 
942 |c BOOK 
999 0 |a Civil Law